| 000 | 01359nam a2200265Ia 4500 | ||
|---|---|---|---|
| 999 |
_c48584 _d48584 |
||
| 001 | 15483 | ||
| 003 | GE_BSU | ||
| 005 | 20241128132654.0 | ||
| 008 | 181216s2015||||ge |||||||||||||| ||geo|| | ||
| 020 | _aISBN 9789941941160 | ||
| 040 | _cGE_BSU | ||
| 041 | _ageo | ||
| 080 | _a821.353.1-82 ფ-55 | ||
| 245 |
_aფილოლოგიის მაცნე II / _cრედ. : რამაზ ხალვაში, ტომის რედ. : ნანა ცეცხლაძე. |
||
| 264 |
_aთბილისი : _bივერიონი, _c2015. |
||
| 300 |
_a248 გვ. : _c21 სმ. |
||
| 653 | _aენათმეცნიერება | ||
| 653 | _aქართული ლიტერატურის ისტორია, | ||
| 653 | _aლიტერატურათმცოდნეობა | ||
| 653 | _aფილოლოგიის მაცნე | ||
| 700 |
_a ხალვაში, რამაზ _eრედაქტორი _923810 |
||
| 700 |
_aცეცხლაძე, ნანა _eტომის რედაქტორი _94739 |
||
| 710 |
_aბათუმის შოთა რუსთაველის სახელმწიფო უნივერსიტეტი _b ქართული ფილოლოგიის დეპარტამენტი _94743 |
||
| 942 |
_cBK _2udc |
||